Normal view
MARC view
- Gogol, N .
Entry Personal Name
001 - CONTROL NUMBER
- control field: 1787
003 - CONTROL NUMBER IDENTIFIER
- control field: OSt
005 - DATE AND TIME OF LATEST TRANSACTION
- control field: 20161014144213.0
008 - FIXED-LENGTH DATA ELEMENTS
- fixed length control field: 161014|| aca||aabn | a|a d
040 ## - CATALOGING SOURCE
- Original cataloging agency: OSt
- Transcribing agency: OSt
100 ## - HEADING--PERSONAL NAME
- Personal name: Gogol, N .
670 ## - SOURCE DATA FOUND
- Source citation: Work cat.: (OSt)6583: Gogol, N ., Tarao Bulba / , 1959.
